000 00240 a2200097 4500
001 44222
100 _aFrye, R.N
245 _aThe golden age of persig the arabs the east
260 _aLondon
_bWeidenfeld nicolson
_c
090 _c27961
_d27961
942 _aNUST-CAE
_cM
_c19959
999 _c279295
_d279295